000 00345nam a22001217a 4500
999 _c2585
_d2585
005 20200918161134.0
008 200918b ||||| |||| 00| 0 eng d
020 _a0673358674
040 _cCML
245 _aDiscover the Wonder.
_cHeil, D.
260 _aCalifornia
_bScottforesman
_c1993
942 _2ddc
_cBK
_e1st Edition
_h507
_mHEI